| 000 | 00826pam a2200265 a 4500 | ||
|---|---|---|---|
| 001 | 2014974 | ||
| 003 | ARRUPE | ||
| 005 | 20130916124528.0 | ||
| 008 | 910618s1991 mou b 000 0 eng | ||
| 010 | _a 91025309 | ||
| 020 |
_a0827204582 : _c$10.95 |
||
| 040 |
_aDLC _cDLC _dDLC |
||
| 050 | 0 | 0 |
_aBM610 _b.K39 1991 |
| 082 | 0 | 0 |
_a211 _220 |
| 100 | 1 |
_aKaufman, William E. _9146 |
|
| 245 | 1 | 4 |
_aThe case for God / _cWilliam E. Kaufman. |
| 260 |
_aSt. Louis, Mo. : _bChalice Press, _cc1991. |
||
| 300 |
_aviii, 106 p. ; _c22 cm. |
||
| 650 | 0 |
_aGod (Judaism) _9147 |
|
| 650 | 0 |
_aGod _xProof. _9148 |
|
| 650 | 0 |
_aProcess theology. _9149 |
|
| 906 |
_a7 _bcbc _corignew _d1 _eocip _f19 _gy-gencatlg |
||
| 942 |
_2lcc _cMONOGRAPH |
||
| 999 |
_c117784 _d117784 |
||